Теория операторов: учебник

Bibliografiset tiedot
Päätekijä: Садовничий В. А. Виктор Антонович
Yhteisötekijä: Московский государственный университет им. М. В. Ломоносова (МГУ)
Yhteenveto:Учебник (4-е изд. — 2001 г.) соответствует программе курсов «Функциональный анализ», «Теория операторов», «Анализ III», которые читаются в университетах и педагогических вузах. В книге приведены основные теоретико-множественные понятия, представлена общая теория метрических, топологических, линейных топологических и нормированных пространств, общая теория меры, измеримых функций и интеграла Лебега. Подробно рассмотрены теория операторов в гильбертовом пространстве, спектральная теория самосопряженных операторов, применения методов теории аналитических функций в спектральной теории несамосопряженных операторов, теория преобразования Фурье и обобщенные функции. Для студентов университетов, педагогических вузов и вузов с углубленным изучением математики. Может быть полезен аспирантам и научным работникам.
Kieli:venäjä
Julkaistu: Москва, Дрофа, 2004
Painos:5-е изд., стер.
Sarja:Классический университетский учебник
Aiheet:
Aineistotyyppi: Kirja
KOHA link:https://koha.lib.tpu.ru/cgi-bin/koha/opac-detail.pl?biblionumber=145820

MARC

LEADER 00000nam0a2200000 4500
001 145820
005 20231101221200.0
010 |a 5710786993 
035 |a (RuTPU)RU\TPU\book\158056 
090 |a 145820 
100 |a 20081022d2004 m y0rusy50 ca 
101 0 |a rus 
102 |a RU 
105 |a y j 001zy 
200 1 |a Теория операторов  |e учебник  |f В. А. Садовничий  |g Московский государственный университет им. М. В. Ломоносова (МГУ) 
205 |a 5-е изд., стер. 
210 |a Москва  |c Дрофа  |d 2004 
215 |a 382 с. 
225 1 |a Классический университетский учебник 
320 |a Библиогр.: с. 376. 
320 |a Предметный указатель: с. 377-381. 
330 |a Учебник (4-е изд. — 2001 г.) соответствует программе курсов «Функциональный анализ», «Теория операторов», «Анализ III», которые читаются в университетах и педагогических вузах. В книге приведены основные теоретико-множественные понятия, представлена общая теория метрических, топологических, линейных топологических и нормированных пространств, общая теория меры, измеримых функций и интеграла Лебега. Подробно рассмотрены теория операторов в гильбертовом пространстве, спектральная теория самосопряженных операторов, применения методов теории аналитических функций в спектральной теории несамосопряженных операторов, теория преобразования Фурье и обобщенные функции. Для студентов университетов, педагогических вузов и вузов с углубленным изучением математики. Может быть полезен аспирантам и научным работникам. 
451 1 |0 (RuTPU)RU\TPU\book\39820  |y 5-7107-4297-X  |t Теория операторов  |o учебник  |f В. А. Садовничий  |e 4-е изд., испр. и доп.  |c М.  |n Дрофа  |d 2001  |p 384 с.  |s Высшее образование: Современный учебник  |a Садовничий, Виктор Антонович 
606 1 |a Операторы, теория  |x (математика)  |2 stltpush  |3 (RuTPU)RU\TPU\subj\47033  |9 66101 
610 1 |a метрические пространства 
610 1 |a топологические пространства 
610 1 |a линейные пространства 
610 1 |a меры 
610 1 |a измеримые функции 
610 1 |a интегралы 
610 1 |a гильбертовы пространства 
610 1 |a геометрия 
610 1 |a спектральные теоремы 
610 1 |a операторные уравнения 
610 1 |a следы операторов 
610 1 |a теорема о следе 
610 1 |a обобщенные функции 
610 1 |a преобразование Фурье 
610 1 |a учебники 
610 1 |a математика 
675 |a 517.98(075.8)  |v 3 
700 1 |a Садовничий  |b В. А.  |g Виктор Антонович 
712 0 2 |a Московский государственный университет им. М. В. Ломоносова (МГУ)  |2 stltpush  |3 (RuTPU)RU\TPU\col\7 
801 1 |a RU  |b 63413507  |c 20081022  |g PSBO 
801 2 |a RU  |b 63413507  |c 20120322  |g PSBO 
900 |a Функциональный анализ 
900 |a Теория операторов 
900 |a Анализ III 
942 |c BK 
952 |b 010000 
959 |a 93/20081022  |d 1  |e 0  |f ЧЗТЛ:1